Bạn làm việc vì ai

Sách gồm 6 chương: Mỗi người đều là "ông chủ" của chính mình, tiền chỉ là mục tiêu thấp nhất của công việc, đừng để thói quen xấu đánh bại bạn, thái độ quyết định tất cả, bí quyết thành công và làm thế nào để đạt thành tựu...

詳細記述

保存先:
書誌詳細
第一著者: Ân, Nhiên
フォーマット: 図書
言語:Undetermined
出版事項: Hà Nội Thanh niên 2018
主題:
タグ: タグ追加
タグなし, このレコードへの初めてのタグを付けませんか!
Thư viện lưu trữ: Trung tâm Học liệu Trường Đại học Cần Thơ
LEADER 00945nam a2200205Ia 4500
001 CTU_230701
008 210402s9999 xx 000 0 und d
020 |c 95000 
082 |a 646.7 
082 |b Nh305 
100 |a Ân, Nhiên 
245 0 |a Bạn làm việc vì ai 
245 0 |c Ân Nhiên, An Tình Lam ; Minh Thuận (dịch) 
260 |a Hà Nội 
260 |b Thanh niên 
260 |c 2018 
520 |a Sách gồm 6 chương: Mỗi người đều là "ông chủ" của chính mình, tiền chỉ là mục tiêu thấp nhất của công việc, đừng để thói quen xấu đánh bại bạn, thái độ quyết định tất cả, bí quyết thành công và làm thế nào để đạt thành tựu xuất sắc. 
650 |a Kỹ năng sống,Life skills 
910 |b nthai 
980 |a Trung tâm Học liệu Trường Đại học Cần Thơ